Clinical Hematology Atlas (Record no. 9431)

MARC details
000 -LEADER
fixed length control field 00535nam a22002057a 4500
003 - CONTROL NUMBER IDENTIFIER
control field OSt
005 - DATE AND TIME OF LATEST TRANSACTION
control field 20241001121742.0
008 - FIXED-LENGTH DATA ELEMENTS--GENERAL INFORMATION
fixed length control field 241001b |||||||| |||| 00| 0 eng d
020 ## - INTERNATIONAL STANDARD BOOK NUMBER
International Standard Book Number 9780323711920
040 ## - CATALOGING SOURCE
Transcribing agency NLM
082 ## - DEWEY DECIMAL CLASSIFICATION NUMBER
Classification number WH17 C615c 2013
100 ## - MAIN ENTRY--PERSONAL NAME
Personal name Carr, Jacqueline H.
9 (RLIN) 3052
245 ## - TITLE STATEMENT
Title Clinical Hematology Atlas
250 ## - EDITION STATEMENT
Edition statement 6th Ed.
260 ## - PUBLICATION, DISTRIBUTION, ETC. (IMPRINT)
Place of publication, distribution, etc. Missouri;
Name of publisher, distributor, etc. Elsevier,
Date of publication, distribution, etc. 2013
300 ## - PHYSICAL DESCRIPTION
Extent xi,261p; Col.ill: 25cm
504 ## - BIBLIOGRAPHY, ETC. NOTE
Bibliography, etc Glossary & appendix included
650 ## - SUBJECT ADDED ENTRY--TOPICAL TERM
Topical term or geographic name as entry element Hematology Atlas
9 (RLIN) 6758
942 ## - ADDED ENTRY ELEMENTS (KOHA)
Source of classification or shelving scheme Other/Generic Classification Scheme
Koha item type Open Shelf
Holdings
Withdrawn status Lost status Source of classification or shelving scheme Damaged status Not for loan Home library Current library Date acquired Source of acquisition Inventory number Total Checkouts Full call number Barcode Date last seen Koha item type
    Other/Generic Classification Scheme     MUST Main Library MUST Main Library 01/10/2024 purchase 24/42298   WH17 C615c 2013 2024-22468 01/10/2024 Open Shelf
    Other/Generic Classification Scheme     MUST Main Library MUST Main Library 01/10/2024 purchase 24/42299   WH17 C615c 2013 2024-22469 01/10/2024 Open Shelf
    Other/Generic Classification Scheme     MUST Main Library MUST Main Library 01/10/2024 purchase 24/42300   WH17 C615c 2013 2024-22470 01/10/2024 Open Shelf
    Other/Generic Classification Scheme     MUST Main Library MUST Main Library 01/10/2024 purchase 24/42301   WH17 C615c 2013 2024-22471 01/10/2024 Open Shelf